Tulanamulak Bhasa adhyayan (Record no. 8092)

MARC details
000 -LEADER
fixed length control field 00474cam a2200193ua 4500
001 - CONTROL NUMBER
control field 9008
005 - DATE AND TIME OF LATEST TRANSACTION
control field 20260515114420.0
008 - FIXED-LENGTH DATA ELEMENTS--GENERAL INFORMATION
fixed length control field 150219n ii |||gr||||Z||||||asm
040 ## - CATALOGING SOURCE
Transcribing agency MAIN
041 ## - LANGUAGE CODE
Language code of text/sound track or separate title asm
082 ## - DEWEY DECIMAL CLASSIFICATION NUMBER
Classification number 809
100 ## - MAIN ENTRY--PERSONAL NAME
Personal name Boruah, B. K.,
Relator term Author.
245 1# - TITLE STATEMENT
Title Tulanamulak Bhasa adhyayan
Statement of responsibility, etc. Edited by B. K. Boruah
250 ## - EDITION STATEMENT
Edition statement 1st.
260 ## - PUBLICATION, DISTRIBUTION, ETC.
Place of publication, distribution, etc. Dibrugarh:
Name of publisher, distributor, etc. Assamese,
Date of publication, distribution, etc. 2006.
300 ## - PHYSICAL DESCRIPTION
Extent 160p.
653 ## - INDEX TERM--UNCONTROLLED
Uncontrolled term History, description & criticism
942 ## - ADDED ENTRY ELEMENTS (KOHA)
Koha item type Books
Holdings
Withdrawn status Lost status Damaged status Not for loan Home library Current library Shelving location Date acquired Total checkouts Full call number Barcode Date last seen Date last checked out Copy number Price effective from Koha item type
        Naharkatiya College Library Naharkatiya College Library General stacks 09/19/2020 2 809 | TUL 20638 09/25/2025 09/16/2025 1 09/19/2020 Books